Responses for Show #8680 - Friday, July 8, 2022

Contestants

[<< previous game]

Leigh Jahnig, an attorney from Chicago, Illinois

Robert Won, a math professor from Washington, D.C.

Brian Ahern, a user support associate from Daly City, California (whose 1-day cash winnings total $26,800)

[next game >>]

Jeopardy! Round responses

SCANDINAVIA
WEATHER WORDS
DANGER! DANGER!
ROLE CALL
HISTORIC STRUCTURES
ONE LETTER CHANGES EVERYTHING
    $200 6
the Nobel Prizes

Robert
    $200 1
(Brian: What is "Come [*] or come [**]"?)

rain & shine

Brian
    $200 11
a tornado

Leigh
    $200 12
Brando

Robert
    $200 22
the Virgin Mary

Robert
    $200 13
(Mayim: Yes, from "rook".)

brook

Robert
    $400 7
(Brian: What is gas?)

oil

BrianLeigh
    $400 2
Fog

Brian
    $400 27
a riptide

Robert
    $400 15
Catwoman

Leigh
    $400 23
Edinburgh Castle

Triple Stumper
    $400 14
(Mayim: Yes, from "acute".)

cute

Brian
    $600 8
LEGO

Robert
    $1,000 3
the snow

Brian
    $600 28
a lumberjack

Brian
    $600 16
Rick & Ilsa

Leigh
    $600 24
India

Leigh
    $600 19
bass

Brian
    $800 9
lutefisk

Robert
    $800 4
(Mayim: Yes, he was hit by about 50 bullets.)

a hail

Brian
    $800 30
the State Department

Leigh
    $800 17
Morbius

Brian
    $800 25
the Moors

Brian
    $800 20
(Mayim: Yes, from "blouse".)

louse

Robert
    $1000 10
Grieg

Brian
    $1000 5
(Mayim: Yes, you ran that category.)
[Applause]

humidity

Brian
    $1000 29
(Brian: What is lead?)

mercury

BrianRobert
    $1000 18
Denzel Washington

Robert
    $1000 26
Germany

Triple Stumper
    $1000 21
(Mayim: Yes, from "squid".)

quid

Robert

Scores at the first commercial break (after clue 15):

Brian Robert Leigh
$4,400 $2,000 $1,000

Scores at the end of the Jeopardy! Round:

Brian Robert Leigh
$6,200 $6,400 $3,000

Double Jeopardy! Round responses

THE COLD WAR ERA
GONE EXTINCT
CROSSWORD CLUES "C"
THE JACKSONS, 5
WHAT IS LOVE...
BABY, DON'T HURT ME
    $400 1
Kennedy

Leigh
    $400 6
Madagascar

Robert
    $400 11
cyberspace

Robert
    $400 19
Janet Jackson

Robert
    $400 16
a door

Robert
    $400 22
spoiler

Brian
    $3,000 2
the Korean War

Leigh
    $800 7
the Atlantic Ocean

Robert
    $800 12
concrete

Brian
    $800 27
Peter Jackson

Robert
    $800 17
Mitch Albom

Robert
    $800 23
Klondike

Leigh
    $1200 3
1980

Leigh
    $1200 8
a swan

Robert
    $1200 13
caboodle

Robert
    $1200 28
(Brian: Who is Keith Jackson?)

Alan Jackson

Brian
Triple Stumper
    $1200 18
cummings

Leigh
    $1200 24
Risk

Leigh
    $1600 4
East Germany

Robert
    $1600 9
seals

Robert
    $1600 14
Calvary

Leigh
    $1600 29
speed skating

Robert
    $1600 20
Plato

Leigh
    $1600 25
Harvard

Robert
    $2000 5
mutually assured destruction

Leigh
    $2,500 10
the Colosseum

Robert
    $2000 15
cassowary

Robert
    $2000 30
Glenda Jackson

Triple Stumper
    $2000 21
Mary Todd Lincoln

Triple Stumper
    $2000 26
Yves St. Laurent

Triple Stumper

Scores at the end of the Double Jeopardy! Round:

Brian Robert Leigh
$6,200 $23,700 $16,000

[wagering suggestions for these scores]

Final Jeopardy! Round responses

SCIENCE & THE BIBLE
(Mayim: [To Leigh] Stones and fire fell from the sky just as fire and brimstone destroyed the wicked city of [*].)
BrianWhat is Babel?
$6,200
LeighWhat is The Great Flood? Sodom?
$16,000
RobertWhat is Sodom?
$8,301
Sodom

Final scores:

Brian Robert Leigh
$0 $32,001 $32,000
3rd place: $1,000 New champion: $32,001 2nd place: $2,000

Game dynamics:

Coryat scores:

Brian Robert Leigh
$5,800 $23,200 $13,800
13 R
(including 1 DD),
3 W
26 R
(including 1 DD),
0 W
15 R
(including 1 DD),
0 W

Combined Coryat: $42,800

[game clues] [game scores] [suggest correction]

Game tape date: 2022-05-05
The J! Archive is created by fans, for fans. Scraping, republication, monetization, and malicious use prohibited; this site may use cookies and collect identifying information. See terms. The Jeopardy! game show and all elements thereof, including but not limited to copyright and trademark thereto, are the property of Jeopardy Productions, Inc. and are protected under law. This website is not affiliated with, sponsored by, or operated by Jeopardy Productions, Inc. Join the discussion at JBoard.tv.